000 00509nam a2200181Ia 4500
999 _c29245
_d29245
003 OSt
005 20210107090725.0
008 190216s9999||||xx |||||||||||||| ||und||
020 _a9788124014806
040 _coclc
082 _a894.812301
_bGAN/K
100 _aGanesh, C
_98209
245 0 _aKriyatmaka Kathapathrangal /
_cC Ganesh
260 _bCurrent Books,
_aKottayam:
_c2005.
300 _a75p
650 _aMalayalam
942 _cBK
_2ddc
_h894.812301
_iGAN/K
_k894.812301
_mGAN/K